Personnages fictifs par saga et acteur - Statistiques

Statistiques générales
  • Ce quiz a été pris 55 fois
  • Le résultat moyen est 11 sur 30
Statistiques - réponses
Film, saga cinématographique
ou série TV
Acteur ou
actrice
Personnage % Correct
Charlie et la Chocolaterie Johnny Depp Willy Wonka
96%
X-Men Hugh Jackman Wolverine
80%
Game of Thrones Emilia Clarke Daenerys Targaryen
62%
Gladiator Russell Crowe Maximus Decimus Meridius
56%
Twilight Robert Pattinson Edward Cullen
54%
Le Silence des agneaux Anthony Hopkins Hannibal Lecter
54%
Star Wars Ewan McGregor Obi-Wan Kenobi
52%
Harry Potter Ralph Fiennes Voldemort
52%
Le Dîner de cons Jacques Villeret François Pignon
50%
Le Seigneur des Anneaux Orlando Bloom Legolas
50%
Breaking Bad Brian Cranston Walter White
46%
Titanic Leonardo DiCaprio Jack Dawson
44%
Men in Black Will Smith Agent J
38%
Kaamelott Alexandre Astier Arthur Pendragon
38%
The Big Bang Theory Jim Parsons Sheldon Cooper
38%
Le Parrain Marlon Brando Vito Corleone
38%
Alien Sigourney Weaver Ellen Ripley
32%
Univers cinématographique Marvel Josh Brolin Thanos
26%
Fight Club Brad Pitt Tyler Durden
26%
Jurassic Park Sam Neill Alan Grant
22%
Le Flic de Beverly Hills Eddie Murphy Axel Foley
22%
Les Aventures de Rabbi Jacob Louis de Funès Victor Pivert
20%
Avatar Zoe Saldaña Neytiri
16%
Lupin Omar Sy Assane Diop
12%
Stranger Things David Harbour Jim Hopper
10%
Indiana Jones Karen Allen Marion Ravenwood
6%
Blade Runner Harrison Ford Rick Deckard
6%
Kingsman Colin Firth Harry Hart
4%
Squid Game Lee Jung-jae Seong Gi-hun
4%
La Vérité si je mens ! Richard Anconina Eddy Vuibert
2%
Aucun quiz correspondant
Distribution des résultats
% des personnes avec chaque résultat
Percentile par nombre de réponses
Votre historique - résultats
Vous n’avez pas pris ce quiz